书目信息 |
| 题名: |
秧歌
|
|
| 作者: | 孙世静 编著 | |
| 分册: | ||
| 出版信息: | 长春 吉林出版集团有限责任公司 2013.01 |
|
| 页数: | 127页 | |
| 开本: | 23cm | |
| 丛书名: | 中华优秀传统文化丛书 | |
| 单 册: | ||
| 中图分类: | J722.211 | |
| 科图分类: | ||
| 主题词: | 秧歌舞--介绍--中国 , 秧歌舞 | |
| 电子资源: | ||
| ISBN: | 978-7-5534-1358-7 | |
| 000 | 00900oam2 2200277 450 | |
| 001 | 012013109074 | |
| 005 | 20140609145449.70 | |
| 010 | @a978-7-5534-1358-7@dCNY23.80 | |
| 100 | @a20130605d2013 em y0chiy0110 ea | |
| 101 | 0 | @achi |
| 102 | @aCN@b220000 | |
| 105 | @aa z 000yy | |
| 106 | @ar | |
| 200 | 1 | @a秧歌@9yang ge@f孙世静编著 |
| 210 | @a长春@c吉林出版集团有限责任公司@d2013.01 | |
| 215 | @a127页@c图,照片@d23cm | |
| 225 | 2 | @a中华优秀传统文化丛书 |
| 330 | @a本书主要内容包括:秧歌的起源;秧歌的历史沿革;秧歌的现状;秧歌的风俗;秧歌的艺术特色;秧歌的文化内涵;秧歌的仪式;秧歌与插秧;秧歌的益处;秧歌的角色类型等。 | |
| 333 | @a一般读者 | |
| 461 | 0 | @12001 @a中华优秀传统文化丛书 |
| 606 | 0 | @a秧歌舞@x介绍@y中国 |
| 606 | 0 | @a秧歌舞 |
| 690 | @aJ722.211@v5 | |
| 701 | 0 | @a孙世静@9sun shi jing@4编著 |
| 801 | 0 | @aCN@b人天书店@c20130605 |
| 905 | @b547897-99@dJ722.211@e123@f3 | |
| 秧歌/孙世静编著.-长春:吉林出版集团有限责任公司,2013.01 |
| 127页:图,照片;23cm.-(中华优秀传统文化丛书) |
| 使用对象:一般读者 |
| ISBN 978-7-5534-1358-7:CNY23.80 |
| 本书主要内容包括:秧歌的起源;秧歌的历史沿革;秧歌的现状;秧歌的风俗;秧歌的艺术特色;秧歌的文化内涵;秧歌的仪式;秧歌与插秧;秧歌的益处;秧歌的角色类型等。 |
| ● |
| 相关链接 |
|
|
|
|
正题名:秧歌
索取号:J722.211/123
 
预约/预借
| 序号 | 登录号 | 条形码 | 馆藏地/架位号 | 状态 | 备注 |
| 1 | 547897 | 205478972 | 第一样本阅览室/ [索取号:J722.211/123] | 在馆 | |
| 2 | 547898 | 205478981 | 第一借阅区/ [索取号:J722.211/123] | 在馆 | |
| 3 | 547899 | 205478990 | 音乐系资料室/ [索取号:J722.211/123] | 在馆 |